Normal view
MARC view
Entry Topical Term
001 - CONTROL NUMBER
- control field: 11843
003 - CONTROL NUMBER IDENTIFIER
- control field: BD-RjUL
005 - DATE AND TIME OF LATEST TRANSACTION
- control field: 20240220160014.0
008 - FIXED-LENGTH DATA ELEMENTS
- fixed length control field: 240220|| aca||aabn | a|a d
040 ## - CATALOGING SOURCE
- Original cataloging agency: BD-RjUL
- Transcribing agency: BD-RjUL
150 ## - HEADING--TOPICAL TERM
- Topical term or geographic name entry element: পয়ঃনিস্কাশন
- Form subdivision: স্বাস্থ্য
670 ## - SOURCE DATA FOUND
- Source citation: Work cat.: (BD-RjUL)83128: খানম, ইউ. এফ. হোসেন আরা 11842, রাজশাহী মহানগরীর পয়ঃনিস্কাশন, স্বাস্থ্য ও পরিবেশগত অবস্থা-একটি ভৌগলিক সমীক্ষা /, ২০০১